1555 1236 1158 1571 1801 1063 1974 1966 1255 1651 1690 1205 1486 1272 1797 1064 1242 1050 1973 1921 1568 1905 1539 1812 1952 1823 1821 1365 1318 1334 1662 1467 1700 1304 1139 1446 1209 1247 1220 1544 1522 1814 1393 1649 1816 1827 1382 1381 1812 1754 1911 1657 1550 1870 1965 1942 1779 1829 1934 1884 1461 1226 1004 1924 1292 1767 1878 1323 1328 1196 1605 1779 1893 1557 1085 1575 1151 1388 1408 1972 1990 1904 1161 1294 1420 1783 1628 1409 1169 1347 1406 1801 1723 1713 1501 1832 1422 1358 1964 BCNSPRNW ULIB Ver.6.0+V

เปลี่ยนเป็นภาษาไทย

Change to English
 แสดงรายละเอียดบรรณานุกรม
  กลับหน้าหลัก

Brief Record : Get Marc (ISO 2709) : E-mail record : QR code < ปิดหน้าต่าง
LEADER : 00000nam 2200000uu 4500
001    13399108935
003     ULIB
008    110317s2544||||th 000 0 tha d
020    9742940983
060 04 WA9^bร194ป 2544
245 00 รวมปาฐกถาและข้อเสนอเพื่อการกระจายอำนาจด้านสุขภาพ /^cกองบรรณาธิการ, สุณี วงศ์คงคาเทพ, บำรุง ตนะวัฒนา
250    พิมพ์ครั้งที่ 1
260    นนทบุรี :^bสำนักงานโครงการปฏิรูประบบบริการสาธารณสุข,^c2544
300    64 หน้า ;^c21 ซม.
440  0 เอกสารชุดวิชาการ"การกระจายอำนาจด้านสุขภาพ" ;^vฉบับที่ 6
500    เวทีวิชาการปฏิรูประบบบริการสุขภาพไทย ครั้งที่ 2เรื่องการกระจายอำนาจสุขภาพไทย วันที่ 23-25 มกราคม 2544 ณ ศูนย์การประชุมแห่งชาติสิริกิติ์ คลองเตย กรุงเทพฯ จัดโดย สำนักงานโครงการปฏิรูประบบบริการสาธารณสุข
650  7 ปาฐกถา
650  7 สาธารณสุข, การบริการ^vปาฐกถา
653    การกระจายอำนาจด้านสุขภาพ^vปาฐกถา
700 0  สุณี วงศ์คงคาเทพ,^eบรรณาธิการ
700 0  บำรุง ตนะวัฒนา,^eบรรณาธิการ
710 2  สำนักงานโครงการปฏิรูประบบบริการสาธารสุข
711 2  เวทีวิชาการปฏิรูประบบบริการสุขภาพไทย^n(ครั้งที่ 2 :^d2544:^cกรุงเทพฯ)
945    ^p0^l0^i013522
995    ทศพร
999 ^a ใช้งานได้ทุกระบบ
รายการนี้ยังไม่มีแท็ก
คุณยังไม่ได้ล็อกอิน คุณสามารถมีกิจกรรมร่วมกับเว็บไซต์ได้ แต่ต้องล็อกอินก่อน ::
  ล็อกอิน

รายการสื่อสารสนเทศ

ลำดับที่ ประเภท เลขเรียก/บาร์โค้ด สถานที่ สถานะ
- ไม่พบข้อมูล -

รายการใกล้เคียง
    หัวเรื่อง [ปาฐกถา]

BibComment


ยังไม่เคยถูกคอมเมนท์

คอมเมนท์ทรัพยากรรายการนี้
  คอมเมนท์: รวมปาฐกถาและข้อเส..


 Copyright 2026. Bcnsprnw @Library